000 00609nmm a2200193Ia 4500
008 251105s9999||||xx |||||||||||||||||und||
020 _a9788437081953
041 _aspa
100 _aMartínez Sopena, Pascual
245 0 _aLa construcción medieval de la memoria regia
264 _a[Madrid, España] :
_bPublicaciones de la Universidad de Valencia (PUV),
_c2011
300 _a466 páginas
490 _aHistoria
650 _aHistory of Europe
700 _aMartínez Sopena, Pascual
700 1 _a Rodríguez López, Ana
856 _uhttps://public.digitaliapublishing.com/a/34850
942 _cCF
999 _c68525
_d68525